000 00614nam a2200205 i 4500
001 36467
003 ES-MaACL
005 20240419120744.0
007 t|
008 030218s1982 sp ||||1| spa d
100 1 _aBrotons, Joaquín.
_931951
245 1 4 _a[El espejo de la belleza] /
_cJoaquín Brotons.
260 _aValdepeñas :
_bAyuntamiento,
_c[1982]
300 _a66 p. ;
_c20 cm.
490 1 _aColeccion "Juan Alcaide" ;
_v4
710 1 _aValdepeñas.
_bAyuntamiento.
_97530
830 0 _aColección "Juan Alcaide"
_v4
_9182027
852 _aES-MaACL
_jL-2116
_bR.102936
999 _c36467
_d36467